000 00586nam a2200169 a 4500
008 070824s2006 ||||||||||||||||| || u
020 _a0071116087
050 _aHF 5415 Ker
100 _aKerin, Roger A
245 1 0 _aMarketing
_cRoger A. Kerin
250 _a8th ed.
260 _aNew York
_bMcGraw-Hill
_c2006
300 _axlvi, 733p.: ill.
350 _a0.00
650 0 _aMARKETING--MANAGEMENT--CASE STUDIES
995 _D0.00
_FCBU-MAIN LIBRARY (Kitwe)
_H1
_I0.00
_M1
_UAVAILABLE
_WAug 24, 2007
_ZMain Library Open Access Collection
999 _c50388
_d50388